Index: modo et ratione ordinatus

Saved in:
Bibliografiske detaljer
Format: Bog
Sprog:latin
Udgivet: Milán Cisalpino-Goliardica 1978
Fag:
Tags: Tilføj Tag
Ingen Tags, Vær først til at tagge denne postø!

MARC

LEADER 00000nam a2200000 a 4500
001 UCV2788
003 CL-VaPUC
008 921110e19780000IT |||||||||||||||||lat|d
082 0 4 |a 016.34054  |b IND  |2 21 
245 1 0 |a Index: modo et ratione ordinatus 
300 |a v 
942 |c BK 
945 |d 19921110 00:00:00 
260 |a Milán  |b Cisalpino-Goliardica  |c 1978 
500 |a Operum ad ius romanum pertinentium quae ab anno MCMXL usque ad annum MCMLXX edita sunt 
500 |a v.1: A-E 
500 |a v.2: F-L 
500 |a v.3: M-Z 
650 0 |a Bibliografías   |9 257071 
650 0 |a Derecho romano  |9 255930 
583 |a last modification  |c 20161003 01:09:39  |k Rodrigo Vera 
999 |c 210276  |d 210274 
952 |0 0  |1 0  |4 0  |6 016_340540000000000_IND_1978  |7 0  |8 DER_ROM  |9 186386  |a BIBDER  |b BIBDER  |d 2019-11-14  |h v.3  |i 2538636  |o 016.34054 IND 1978  |p 2538636  |r 2023-01-25  |w 2019-11-14  |x Ubicación 4to piso  |y BK_X  |z Este recurso debe solicitarse con anticipación  |k DER 
952 |0 0  |1 0  |4 0  |6 016_340540000000000_IND_1978  |7 0  |8 DER_ROM  |9 186387  |a BIBDER  |b BIBDER  |d 2019-11-14  |h v.1  |i 1894544  |o 016.34054 IND 1978  |p 1894544  |r 2023-01-25  |w 2019-11-14  |x Ubicación 4to piso  |y BK_X  |z Este recurso debe solicitarse con anticipación  |k DER 
952 |0 0  |1 0  |4 0  |6 016_340540000000000_IND_1978  |7 0  |8 DER_ROM  |9 186388  |a BIBDER  |b BIBDER  |d 2019-11-14  |h v.2  |i 1894692  |o 016.34054 IND 1978  |p 1894692  |r 2023-01-25  |w 2019-11-14  |x Ubicación 4to piso  |y BK_X  |z Este recurso debe solicitarse con anticipación  |k DER